| 000 | 01793nam a22004097a 4500 | ||
|---|---|---|---|
| 003 | CHAP | ||
| 005 | 20251112085802.0 | ||
| 008 | 080530s2006 mx a r 00010 spa d | ||
| 010 | _a94865 | ||
| 011 | _a95837 | ||
| 020 | _a9680202577 | ||
| 035 | _a106468 | ||
| 040 | _cCHAP | ||
| 082 | 0 | 4 |
_a636.08063 _bC3 |
| 245 | 0 | 0 |
_aGanadería, desarrollo sustentable y combate a la pobreza : _blos grandes retos _c/coordinado por Cavallotti Vázquez, Beatriz A. ...[y otros] |
| 260 |
_aChapingo, Méx. : _bUACH. Departamento de Zootecnia ; UACH. CIESTAAM _c2006 |
||
| 300 |
_axv, 329 p. : _bilus. ; gráfs. ; cuadros |
||
| 590 |
_aBATCH-UPD _b10 _c20130110 _lUCH01 _h0959 |
||
| 590 |
_aBATCH-UPD _b10 _c20130410 _lUCH01 _h0611 |
||
| 590 |
_aBATCH-UPD _b10 _c20130914 _lUCH01 _h0902 |
||
| 590 |
_aCONVERSION _b10 _c20130109 _lUCH01 _h1352 |
||
| 650 | 1 | 4 |
_aDesarrollo sustentable _xMéxico. _932090 |
| 650 | 1 | 4 |
_aGanadería _xCongresos. _944677 |
| 650 | 1 | 4 |
_aGanadería _xInnovaciones tecnológicas. _944755 |
| 650 | 1 | 4 |
_aGanado lechero. _945237 |
| 650 | 1 | 4 |
_aIndustria _xAspectos económicos. _957690 |
| 650 | 1 | 4 |
_aPobreza. _989463 |
| 650 | 1 | 7 |
_aTilapia (nombre común) _2 _9113299 |
| 700 | 0 |
_aCavallotti Vázquez, Beatriz Aurelia _e, ed. _920593 |
|
| 710 | 0 |
_aUACH. Centro de Investigaciones Económicas, Sociales y Tecnológicas de la Agroindustria y de la Agricultura Mundial. _9115830 |
|
| 901 | _aBK | ||
| 942 | _cLIBRO | ||
| 949 |
_a636.08063 C3 _bBC _cLIBRO _d33724002057413 _eLIBRO _fc.3 _gDonaciØn _h109539 _i106468 _si |
||
| 949 |
_a636.08063 C3 _bBC _cLIBRO _d33724002057454 _eLIBRO _fc.4 _gDonaciØn _h109540 _i106468 _si |
||
| 949 |
_a636.08063 C3 _bBC _cLIBRO _d33724002057496 _eLIBRO _fc.2 _gDonaciØn _h109538 _i106468 _si |
||
| 949 |
_a636.08063 C3 _bBC _cUACH _d33724002057579 _eUACH _gDonaciØn _h109537 _i106468 _sb |
||
| 999 |
_c94865 _d94865 |
||